[Event "GER-chT U16"]
[Site "Magdeburg"]
[Date "2023.12.27"]
[Round "1.10"]
[White "Slutski, Daniel"]
[Black "Gotfried, Elias"]
[Result "0-1"]
[WhiteElo "1324"]
[BlackElo "1375"]
[PlyCount "42"]
[EventDate "2023.12.26"]
[EventType "team-swiss"]
[EventRounds "7"]
[EventCountry "GER"]
[SourceTitle "CB03_2024"]
[SourceDate "2024.01.17"]
[SourceVersion "1"]
[SourceVersionDate "2024.01.17"]
[SourceQuality "1"]
[WhiteTeam "Regensburg Bavaria"]
[BlackTeam "Stuttgart SF"]
[WhiteTeamCountry "GER"]
[BlackTeamCountry "GER"]

1. e4 e6 2. d4 d5 3. exd5 exd5 4. Qf3 Nf6 5. h3 c5 6. c3 Nc6 7. Bb5 Qb6 8. Qe2+ Be7 9. Nf3 0-0 10. 0-0 Bd6 11. Bxc6 bxc6 12. Bg5 Ba6 13. Qc2 Bxf1 14. Kxf1 Ne4 15. Nbd2 f5 16. Nxe4 fxe4 17. Ne5 Rf5 18. Be3 cxd4 19. cxd4 Bxe5 20. dxe5 Qxe3 21. Re1 Qd3+ 0-1

[Event "GER-chT U16"]
[Site "Darmstadt"]
[Date "2022.12.28"]
[Round "4"]
[White "Chugunov, Ivan"]
[Black "Gotfried, Elias"]
[Result "1-0"]
[WhiteElo "1624"]
[BlackElo "1172"]
[PlyCount "147"]
[EventDate "2022.12.26"]
[EventType "team-swiss"]
[EventRounds "7"]
[EventCountry "GER"]
[SourceTitle "CBM 212 Extra"]
[Source "ChessBase"]
[SourceDate "2023.03.31"]
[SourceVersion "1"]
[SourceVersionDate "2023.03.31"]
[SourceQuality "1"]
[WhiteTeam "Ostfildern"]
[BlackTeam "Stuttgart SF"]
[WhiteTeamCountry "GER"]
[BlackTeamCountry "GER"]

1. e4 e6 2. d4 d5 3. e5 c5 4. c3 Nc6 5. Nf3 Qb6 6. a3 cxd4 7. cxd4 Bd7 8. b4 Nge7 9. Bb2 Nf5 10. g3 Rc8 11. Bh3 Nh6 12. Nc3 Na5 13. Na4 Qb5 14. Nc5 Nc4 15. Bc3 b6 16. a4 Qc6 17. b5 Qc7 18. Na6 Qd8 19. 0-0 Ne3 20. fxe3 Rxc3 21. Qd2 Rc8 22. Rac1 Be7 23. Rxc8 Bxc8 24. Nb4 Bxb4 25. Qxb4 Qe7 26. Qd6 Qxd6 27. exd6 f6 28. Rc1 Kd7 29. Rc7+ Kxd6 30. Rxa7 Bd7 31. Ra6 Rb8 32. Kf2 Kc7 33. Nd2 Nf7 34. e4 dxe4 35. Nxe4 f5 36. Nd2 Nd6 37. Bg2 Bc8 38. Ra7+ Bb7 39. Bc6 Rd8 40. Bxb7 Nxb7 41. Ke3 g5 42. Nc4 f4+ 43. gxf4 gxf4+ 44. Ke4 f3 45. Kxf3 Rxd4 46. Ne5 Rd5 47. Nc6 Rd3+ 48. Kg4 Rd2 49. h4 Rg2+ 50. Kh5 Rb2 51. Nd8 Kxd8 52. Rxb7 Rb4 53. Rxb6 Rxa4 54. Rxe6 Rb4 55. b6 Kd7 56. Rh6 Ke8 57. Rc6 Kd7 58. Rc7+ Kd8 59. Rb7 Kc8 60. Rxh7 Rxb6 61. Rg7 Kd8 62. Rg6 Rb4 63. Kg5 Ke7 64. h5 Kf7 65. Kh6 Rb8 66. Kh7 Rf8 67. Rg7+ Kf6 68. h6 Rc8 69. Rg8 Rc7+ 70. Kh8 Re7 71. h7 Rf7 72. Rb8 Re7 73. Rf8+ Rf7 74. Kg8 1-0

[Event "GER-chT U16"]
[Site "Darmstadt"]
[Date "2022.12.27"]
[Round "2"]
[White "Gotfried, Elias"]
[Black "Morgenthaler, Nick"]
[Result "0-1"]
[WhiteElo "1172"]
[BlackElo "1320"]
[PlyCount "120"]
[EventDate "2022.12.26"]
[EventType "team-swiss"]
[EventRounds "7"]
[EventCountry "GER"]
[SourceTitle "CBM 212 Extra"]
[Source "ChessBase"]
[SourceDate "2023.03.31"]
[SourceVersion "1"]
[SourceVersionDate "2023.03.31"]
[SourceQuality "1"]
[WhiteTeam "Stuttgart SF"]
[BlackTeam "Frankenthal"]
[WhiteTeamCountry "GER"]
[BlackTeamCountry "GER"]

1. e4 e6 2. d4 d5 3. exd5 exd5 4. Bd3 Bd6 5. Ne2 Bg4 6. h3 Bh5 7. c3 c6 8. Qc2 Qc7 9. Be3 Nd7 10. Nd2 Ngf6 11. Nb3 Bg6 12. Bxg6 hxg6 13. 0-0-0 a5 14. Rde1 a4 15. Nd2 b5 16. Bf4 0-0-0 17. Bxd6 Qxd6 18. a3 Nb6 19. Ng1 Qf4 20. Ngf3 Nc4 21. Kb1 Nxd2+ 22. Qxd2 Qf5+ 23. Qc2 Ne4 24. Ka1 f6 25. Rhf1 Rde8 26. Nd2 Qg5 27. Nxe4 dxe4 28. Rg1 Qd5 29. Qe2 f5 30. Qe3 Rhf8 31. Qg5 Rf6 32. Qf4 Rfe6 33. g4 R8e7 34. Re3 Qd6 35. Qxd6 Rxd6 36. gxf5 gxf5 37. f4 Rh6 38. b3 axb3 39. Kb2 Rh4 40. Rf1 Kd7 41. Kxb3 Ke6 42. c4 Rd7 43. Kc3 Ra7 44. Kb3 Ra4 45. d5+ Kd6 46. dxc6 Rxc4 47. Rg3 Kxc6 48. Rxg7 Rxh3+ 49. Kb2 e3 50. Rg6+ Kd5 51. Rf6 Ke4 52. Re6+ Kd3 53. Re5 Ke2 54. Rb1 Kf2 55. Rxf5 e2 56. Re5 Re3 57. Rxe3 Kxe3 58. f5 Rf4 59. Ka2 Rxf5 60. Rb3+ Kf2 0-1